000 00780nam a2200205 a 4500
001 000030181
003 DO-SdBNP
005 20241030141145.0
008 110503s2000 dr ac 000 | spa d
040 _aDO-SdBNP
_bspa
_cBNPHU
082 _axxxx
_bM647m
100 1 _aMiller, Jeannette,
_d1944-
_983484
245 1 0 _aMurales dominicanos :
_bRegistro y diagnóstico de los murales pertenecientes al Estado Dominicano /
_cJeannette Miller, María Ugarte, Paula Gómez.
260 _aSanto Domingo :
_bPresidencia de la República Dominicana;
_bConsejo Presidencial de Cultura;
_bUNESCO,
_c2000.
300 _a160 p. :
_bil. retrs. ;
_c28 cm.
590 _aInventariado, 2019/ YL
700 1 _aUgarte, María
_d1914-2011
_924078
700 1 _aGómez, Paula
_956893
942 _2ddc
_cLBS1
999 _c29673
_d29673